| 000 | 00802nam a2200205 a 4500 | ||
|---|---|---|---|
| 008 | 120416s1997 ||||||||||||||||| || u | ||
| 020 | _a0750634308 | ||
| 050 | _aTK 6550.28 Scr | ||
| 100 | _aAmos, S. W | ||
| 245 | 1 | 0 | _aScroggie`s foundations of wireless and electronics |
| 250 | _a11th ed. | ||
| 260 |
_aOxford _bNewnes _c1997. |
||
| 300 | _ax, 293 p. : ill. | ||
| 350 | _a0.00 | ||
| 650 | 0 | _aELECTRONICS | |
| 650 | _aRADIO | ||
| 650 | _aCOMMUNICATION | ||
| 995 |
_aMAIN LIBRARY OPEN ACCESS _D0.00 _e735956 _FCBU-MAIN LIBRARY (Kitwe) _H1 _I11.95 _jTK 6550.28 Scr _M1 _UAVAILABLE _WMay 29, 2006 _y38722 _ZMain Library Open Access Collection |
||
| 995 |
_aMAIN LIBRARY OPEN ACCESS _D0.00 _e730183 _FCBU-MAIN LIBRARY (Kitwe) _H2 _I11.95 _jTK 6550.28 Scr _M2 _UAVAILABLE _y027182 _ZMain Library Open Access Collection |
||
| 999 |
_c80365 _d80365 |
||